banner koha

O que falta para o Brasil irrigar a agricultura familiar (Registro n. 329089)

MARC details
000 -LÍDER
fixed length control field 00775nab a2200253 4500
003 - CÓDIGO MARC DA AGÊNCIA CATALOGADORA
Campo de controle BR-BrBNA
005 - DATA E HORA DA ÚLTIMA ATUALIZAÇÃO
Campo de controle 20241207230711.0
008 - CAMPO DE TAMANHO FIXO
fixed length control field 241207b bl.||||| |||| 00| 0 por d
040 ## - FONTE DA CATALOGAÇÃO
Agência catalogadora BR-BrBNA
Idioma da catalogação por
072 ## - CATEGORIA AGRIS
Código AGRIS E11 ; F06 ; C20
100 ## - ENTRADA PRINCIPAL - NOME PESSOAL
Nome pessoal Sitta, Sílvia Marrat
245 ## - TÍTULO PRINCIPAL
Título principal O que falta para o Brasil irrigar a agricultura familiar
500 ## - NOTA GERAL
Nota geral 2 illus.
942 ## - ADDED ENTRY ELEMENTS (KOHA)
Koha item type Analítica
650 ## - ASSUNTO - THESAGRO
Cabeçalho tópico ou nome geográfico AGRICULTURA FAMILIAR
650 ## - ASSUNTO - THESAGRO
Cabeçalho tópico ou nome geográfico IRRIGAÇÃO
650 ## - ASSUNTO - THESAGRO
Cabeçalho tópico ou nome geográfico TECNOLOGIA
650 ## - ASSUNTO - THESAGRO
Cabeçalho tópico ou nome geográfico ASSISTÊNCIA TÉCNICA
650 ## - ASSUNTO - THESAGRO
Cabeçalho tópico ou nome geográfico EXTENSÃO RURAL
650 ## - ASSUNTO - THESAGRO
Cabeçalho tópico ou nome geográfico DIVULGAÇÃO
650 ## - ASSUNTO - THESAGRO
Cabeçalho tópico ou nome geográfico PROGRAMA DE GOVERNO
773 0# - ENTRADA ANALÍTICA
Host Biblionumber 4820
Registro do item 344682
Imprenta Votuporanga/SP IRRIGAZINE 2009
Outro identificador 2024-5015
Título Irrigazine (Brazil)
Colação v. 8(29) p. 8-10; (Dec 2012)
Número de controle de registro BR2024003878

Nenhum exemplar disponível.

BINAGRI

Telefone: (61)3218-2567/2388/3357/2097 - binagri@agro.gov.br

Ministério da Agricultura e Pecuária , Esplanada dos Ministérios, Bloco D, Anexo B, Brasília/DF, CEP: 70.043-900